High Accuracy Computing Methods. Fluid Flows and Wave Phenomena

Detalhes bibliográficos
Autor principal: Sengupta T. K. Tapan
Resumo:High Accuracy Computing Methods presents topics in a single source format using unified spectral theory of computing. With developments of DNS and LES, practitioners are rediscovering waves as important in fluid flows, and capturing these numerically is central to high accuracy computing. Analysis of waves and its use in numerical methods in propagating energy at the right velocity (dispersion effects) and with right amplitude (dissipation) are essential. Most industrial codes using Reynolds-averaged Navier-Stokes equation with turbulence models cannot conceive of capturing waves.
Idioma:inglês
Publicado em: New York, Cambridge University Press, 2013
Assuntos:
Formato: Livro
KOHA link:https://koha.lib.tpu.ru/cgi-bin/koha/opac-detail.pl?biblionumber=255189

MARC

LEADER 00000nam0a2200000 4500
001 255189
005 20231101233013.0
010 |a 9781107023635 
035 |a (RuTPU)RU\TPU\book\277693 
090 |a 255189 
100 |a 20140326d2013 k y0engy50 ba 
101 0 |a eng 
102 |a US 
105 |a a z 001zy 
200 1 |a High Accuracy Computing Methods. Fluid Flows and Wave Phenomena  |f T. K. Sengupta 
210 |a New York  |c Cambridge University Press  |d 2013 
215 |a 569 p.  |c il. 
320 |a References: p. 546-562. 
320 |a Index: p. 563-569. 
330 |a High Accuracy Computing Methods presents topics in a single source format using unified spectral theory of computing. With developments of DNS and LES, practitioners are rediscovering waves as important in fluid flows, and capturing these numerically is central to high accuracy computing. Analysis of waves and its use in numerical methods in propagating energy at the right velocity (dispersion effects) and with right amplitude (dissipation) are essential. Most industrial codes using Reynolds-averaged Navier-Stokes equation with turbulence models cannot conceive of capturing waves. 
606 1 |a Гидромеханика математическая  |2 stltpush  |3 (RuTPU)RU\TPU\subj\71820  |9 85558 
610 1 |a жидкости 
610 1 |a течение 
610 1 |a волновые процессы 
610 1 |a турбулентность 
610 1 |a спектральная теория 
610 1 |a вычислительные методы 
610 1 |a уравнения Навье-Стокса 
610 1 |a английский язык 
675 |a 532:51  |v 3 
700 1 |a Sengupta  |b T. K.  |g Tapan 
801 1 |a RU  |b 63413507  |c 20140326 
801 2 |a RU  |b 63413507  |c 20141210  |g RCR 
942 |c BK 
959 |a 44/20140311  |d 1  |e 0  |f ЧЗИЛ:1